|
|
|
|
| LEADER |
00000nam0a2200000 4500 |
| 001 |
221841 |
| 005 |
20231031195829.0 |
| 010 |
|
|
|a 5288001707
|
| 035 |
|
|
|a (RuTPU)RU\TPU\book\242022
|
| 090 |
|
|
|a 221841
|
| 100 |
|
|
|a 20120915d1990 k y0rusy50 ca
|
| 101 |
0 |
|
|a rus
|
| 102 |
|
|
|a RU
|
| 105 |
|
|
|a y z 001zy
|
| 200 |
1 |
|
|a Теория взаимодействия волн с преградами
|f Ю. З. Алешков
|g Ленинградский государственный университет (ЛГУ)
|
| 210 |
|
|
|a Ленинград
|c Изд-во Ленинградского ун-та
|d 1990
|
| 215 |
|
|
|a 372 с.
|
| 320 |
|
|
|a Библиогр.: с. 366-370.
|
| 610 |
1 |
|
|a волны
|
| 610 |
1 |
|
|a преграды
|
| 610 |
1 |
|
|a взаимодействие
|
| 610 |
1 |
|
|a жидкости
|
| 610 |
1 |
|
|a волновые движения
|
| 610 |
1 |
|
|a задачи
|
| 610 |
1 |
|
|a теория
|
| 610 |
1 |
|
|a силовое воздействие
|
| 610 |
1 |
|
|a тела
|
| 610 |
1 |
|
|a движение
|
| 675 |
|
|
|a 532.59
|v 3
|
| 700 |
|
1 |
|a Алешков
|b Ю. З.
|g Юрий Зосимович
|
| 712 |
0 |
2 |
|a Ленинградский государственный университет (ЛГУ)
|c (1924-1991)
|2 stltpush
|3 (RuTPU)RU\TPU\col\77
|
| 801 |
|
1 |
|a RU
|b 63413507
|c 20120915
|
| 801 |
|
2 |
|a RU
|b 63413507
|c 20151221
|g RCR
|
| 942 |
|
|
|c BK
|